Annual report 2003 RHB Capital Berhad /
| Corporate Author: | |
|---|---|
| Format: | Book |
| Language: | English |
| Published: |
Kuala Lumpur : $b RHB Capital Berhad
|
| Subjects: |
MARC
| LEADER | 00000cam a2200000 7i4500 | ||
|---|---|---|---|
| 001 | 0000115437 | ||
| 005 | 20151026.0 | ||
| 008 | 100526 eng | ||
| 090 | 0 | 0 | |a 332.1205 RHBCBL |
| 110 | 1 | |a RHB Capital Berhad | |
| 245 | 1 | 0 | |a Annual report 2003 RHB Capital Berhad / |c RHB Capital Berhad |
| 260 | |a Kuala Lumpur : $b RHB Capital Berhad | ||
| 300 | |a 200 pages : |b colour illustration ; |c 27cm. | ||
| 650 | 0 | 0 | |a Financial institutions |z Malaysia |
| 999 | |a 0000337678 |b Buku |c Koleksi Tuan Yang Terutama DiPertua Negeri Melaka |e Perbadanan Perpustakaan Awam Melaka | ||